000 00547nam a2200181Ia 4500
001 20171
005 20260306172746.0
008 260306t2011||||xx |||||||||||||| ||spa||
041 _aESP
082 _a342.812
_bC76 T. 2
100 _aSchwenzer, Ingeborg (dir.)
_eAUT
245 0 _aSchlechtriem & Schwenzer:
_bcomentario sobre la convención de las naciones unidas sobre los contratos de compraventa internacional de mercaderías
260 _c2011
300 _a
_c24 cm.
650 _aGEN
654 _aCDE
942 _cLIB
_dJUS
_fJUS
_2ddc
_n
999 _c20171
_d20171